000 00482nam a2200193Ia 4500
008 240510s9999 xx 000 0 und d
020 _a0009027707804
041 _aEng
082 _a111
082 _bB85
100 _aBUNGE,M.
245 0 _aTreatise on Basic Philosophy:Volume 3: Ontology 1: The Furniture of The World
260 _bHolland,D.Reidel Publishing Company
260 _c1977
300 _a352 p.
650 _aPhilosophy
942 _2ddc
942 _cRBK
999 _c28977
_d28977
945 _a1
_bMadushi Gamage
_c1
_dMadushi Gamage